00443nam a2200169Ia 450000500170000000800410001702000210005804100080007908200160008710000120010324500240011526000540013930000090019350000250020265000250022770000210025220230417115735.0230125s9999 xx 000 0 und d a978-93259-8457-8 aeng a658.15bSIN aSingh S aBehavioural Finance c2015bVikas Publishing House Pvt. Ltd.aNew Delhi a234p aFinancial Management aFinancial Management aSingh S & Bahl S